[Event "28th WSCC Women 50 2018"]
[Site "Bled"]
[Date "2018.11.18"]
[Round "1"]
[White "Grabuzova, Tatiana"]
[Black "Khropova, Larisa"]
[Result "1-0"]
[WhiteElo "2326"]
[BlackElo "2052"]
[Annotator "TA"]
[PlyCount "85"]
[EventDate "2018.11.17"]
[EventType "swiss"]
[EventCountry "SLO"]
[SourceTitle "playchess.com"]
[Source "ChessBase"]
[SourceQuality "1"]

{[%evp 18,85,5,0,-6,3,8,0,0,-3,0,-43,-18,-57,-36,-92,-42,-52,-50,-56,-44,-47,-32,-45,-13,-22,-20,-18,-16,-39,-32,-50,-13,-85,7,14,7,0,20,5,10,6,9,0,0,12,222,226,219,225,223,217,210,218,218,215,239,226,374,356,457,461,452,459,775,780,763,741,1562,1614]} 1. d4 Nf6 2. c4 e6 3. Nc3 Bb4 4. e3 O-O 5. Nge2 d5 6. a3 Be7 7. Nf4 b6 8. cxd5 {E46: Nimzo-Indian: Rubinstein: 4 e3 0-0 5 Ne2 without early Bd3} exd5 9. Be2 Bb7 10. Bf3 {LiveBook: 3 Games. The position is equal.} (10. b4 Bd6 11. O-O Re8 12. Nh5 Nbd7 13. b5 Nxh5 14. Bxh5 Re6 15. Bg4 Rh6 {½-½ (28) Hernandez Carmenates,H (2510)-Sevian,S (2601) Philadelphia 2017}) 10... c6 11. O-O Na6 {[%cal Bb8a6,Ba6c7,Bc7e6][%mdl 32]} 12. b4 $146 ({Predecessor:} 12. e4 dxe4 13. Nxe4 Nc7 14. Ng3 g6 15. Re1 Qd7 {1-0 (72) Rios,C (2380)-Gomez Jurado,L (2339) Sabadell 2010}) 12... Nc7 13. Qb3 Bd6 14. Nfe2 Re8 15. Ng3 Qd7 16. Bb2 (16. a4 $15) 16... Ne6 17. Nh5 Nxh5 18. Bxh5 g6 19. Be2 Ng5 20. Rad1 Rad8 (20... Qc7 {is interesting.} 21. Kh1 b5 22. a4 a6 23. a5 Qe7) 21. f4 Ne4 22. Nxe4 Rxe4 23. Bf3 Ree8 24. Rfe1 Re7 25. b5 (25. g3 $11) 25... Bb8 (25... Qe8 $17 26. bxc6 Bxc6) 26. a4 $11 Rde8 27. Kf2 Rd8 28. Rc1 h5 29. Ba3 Ree8 30. Rc3 Qe6 31. Rec1 {[%cal Rb5c6]} Rc8 $2 (31... cxb5 $11 {and Black has nothing to worry.} 32. axb5 Kg7) 32. bxc6 $18 Rxc6 33. Bxd5 {[%mdl 64] [#] Double Attack} Rxc3 34. Bxe6 Rxb3 35. Bxb3 Kg7 36. d5 Rd8 37. g3 Rd7 (37... Re8 $142 38. Rc2 f6) 38. e4 {[%cal Be3e4,Be4e5][%mdl 32]} Kh7 39. Ke3 {White is clearly winning.} Kg7 40. Kd4 f6 (40... h4 $142 41. e5 hxg3 42. hxg3 Ba6) 41. e5 a6 42. d6 Kf8 43. Bd5 {Accuracy: White = 40%, Black = 25%.} 1-0

[Event "28th WSCC Women 50 2018"]
[Site "Bled"]
[Date "2018.11.18"]
[Round "1"]
[White "Burchardt, Brigitte"]
[Black "Kasoshvili, Tsiala"]
[Result "1-0"]
[WhiteElo "2200"]
[BlackElo "2029"]
[Annotator "TA"]
[PlyCount "56"]
[EventDate "2018.11.17"]
[EventType "swiss"]
[EventCountry "SLO"]
[SourceTitle "playchess.com"]
[Source "ChessBase"]
[SourceQuality "1"]

{[%evp 12,56,-2,-15,14,7,13,11,22,0,9,0,0,0,21,0,25,16,39,16,59,23,75,58,126,131,117,136,129,132,118,125,100,96,164,160,149,155,168,149,311,324,461,462,426,439,1089]} 1. e4 c6 2. Nc3 d5 3. Nf3 Bg4 4. h3 Bxf3 5. Qxf3 e6 6. exd5 cxd5 7. d4 {LiveBook: 5 Games. B11: Caro-Kann: Two Knights Variation} a6 (7... Nc6 8. Ne2 Nf6 9. c3 Bd6 10. Bg5 Qb6 11. O-O-O Ne4 12. Bf4 Bxf4+ 13. Qxf4 O-O 14. Ng3 e5 {0-1 (25) Garma,C (2336)-Antonio,R (2465) Tagaytay City 2017}) 8. Ne2 Nc6 9. c3 {The position is equal.} Nf6 10. Nf4 Be7 $146 ({Predecessor:} 10... Bd6 11. Nd3 Ne4 12. Bf4 Rc8 13. Be2 O-O 14. Bxd6 Qxd6 {½-½ (52) Khoshkalamian,B (1985)-Vaghar,M (2211) Arak 2016}) 11. Be2 O-O 12. O-O b5 13. a3 Qb6 14. Bd3 a5 15. g4 Ne8 16. Qe3 Nc7 (16... Rb8 $11 {remains equal.}) 17. Nh5 $16 f5 (17... g6 $14) 18. gxf5 exf5 19. Kh1 $36 {[%mdl 2048] [#] Rg1 is the strong threat. White is really pushing.} Rf7 20. Rg1 Bf8 21. Qf3 Ne7 22. Bf4 Ne8 (22... Kh8 $16 23. Rge1 g6) 23. Rae1 $18 Rd8 24. Bg5 Rd7 25. Bxe7 Bxe7 $2 (25... Rdxe7 $16 26. Nf4 (26. Qxd5 Nc7 $16) 26... Qh6 27. Rxe7 (27. Nxd5 Rxe1 28. Rxe1 Nd6 $16) 27... Bxe7 28. Bxb5 (28. Nxd5 Nd6 $16) 28... Nf6) 26. Bxf5 g6 (26... Kh8 $142 27. Qd3 Qd8 28. Bxd7 Qxd7) 27. Qg4 ({Not} 27. Be6 $2 Qxe6 28. Nf4 Qf5 $19) 27... Rd6 ({But not} 27... Rxf5 $2 28. Qxf5 Qc7 {[#]} 29. Rxg6+ $1 {[%mdl 576] Demolition} hxg6 30. Qxg6+ {[%mdl 64] Double Attack} Kf8 31. Qf5+ Kg8 32. Rg1+ Bg5 33. Rxg5+) 28. Be6 Rxe6 {Accuracy: White = 68%, Black = 29%.} (28... Qd8 $142 29. Bxf7+ Kxf7) 1-0

[Event "28th WSCC Women 50 2018"]
[Site "Bled"]
[Date "2018.11.18"]
[Round "1"]
[White "Birkholz, Olga"]
[Black "Berend, Elvira"]
[Result "0-1"]
[WhiteElo "2061"]
[BlackElo "2332"]
[Annotator "TA"]
[PlyCount "88"]
[EventDate "2018.11.17"]
[EventType "swiss"]
[EventCountry "SLO"]
[SourceTitle "playchess.com"]
[Source "ChessBase"]
[SourceQuality "1"]

{[%evp 15,87,0,0,-2,0,-9,0,-15,-22,-19,-15,-28,-27,0,-2,-17,-13,-102,-19,-9,-14,-44,-38,-53,-31,-41,-42,-42,-40,-35,-35,-41,-42,-68,-69,-77,-77,-83,-84,-123,-114,-114,-76,-122,-125,-121,-113,-177,-154,-510,-202,-217,-214,-255,-249,-228,-197,-387,-381,-513,-510,-461,-86,-95,-85,-589,-418,-547,-544,-532,133,-518,-509,-29999]} 1. e4 c5 2. Nf3 d6 3. d4 cxd4 4. Nxd4 Nf6 5. Nc3 a6 6. a4 e5 7. Nb3 Be7 {B90: Sicilian Najdorf: Unusual White 6th moves, 6 Be3 Ng4 and 6 Be3 e5} (7... Be6 8. Be2 Be7 9. O-O O-O 10. f4 exf4 11. Bxf4 Nc6 12. a5 {½-½ (12) Gomez Sanchez,J (2417)-Bacallao Alonso,Y (2553) Villa Clara 2017}) 8. Bc4 O-O {LiveBook: 4 Games} 9. Qe2 Be6 {The position is equal.} 10. O-O Qc7 11. Nd5 Bxd5 $146 ({Predecessor:} 11... Nxd5 12. exd5 Bf5 13. Be3 Nd7 14. Nd2 Bg6 15. a5 {1-0 (40) Schneider,H (2228)-Ruecker,B Griesheim 1999}) 12. exd5 Nbd7 13. Be3 Rfc8 14. Nd2 $1 Nb6 15. Bxb6 Qxb6 16. Ra3 (16. Bb3 $11 {remains equal.}) 16... Rab8 ({Black should play} 16... Qxb2 $17 17. Rb3 Qxc2 18. Rxb7 Bd8) 17. Rb1 $11 Qc7 18. Rh3 g6 19. Bb3 Nd7 20. Rc3 Qd8 21. Rxc8 Rxc8 22. c3 Kg7 23. Rd1 Qb6 24. Rb1 Bg5 {...Bxd2 is the strong threat.} 25. Bc2 Bxd2 26. Qxd2 Nf6 27. Qd1 h5 28. Bd3 h4 29. c4 e4 {[%cal Be5e4,Be4e3][%mdl 32]} 30. Bf1 e3 31. Qf3 (31. Qe2 $17) 31... Re8 $1 $19 {White must now prevent ...Ng4!} 32. b3 $2 {[#]} (32. h3 $17) 32... Qd4 $2 (32... Ng4 $1 {[%mdl 512]} 33. Rb2 (33. Qxg4 exf2+) 33... exf2+ 34. Rxf2 Nxf2 35. Qxf2 Qxb3 36. Qxh4 Qxa4 37. Qd4+ Kg8) 33. h3 Qc3 $1 34. fxe3 Rxe3 ({Not} 34... Qxe3+ 35. Qxe3 Rxe3 36. b4 $15) 35. Qf4 Re5 36. Qxh4 $2 (36. Qf3 {was called for.} Re3 37. Qf2) 36... Ne4 $1 37. Kh2 Nd2 38. Rd1 {[#]} Rf5 $2 (38... Nf3+ $1 $19 {[%mdl 512]} 39. gxf3 Qc2+ {[%mdl 64] Double Attack} 40. Bg2 Qxd1) 39. Be2 $17 Qe5+ {[%mdl 1024] Black has strong compensation.} 40. Kh1 $2 {[%mdl 8192]} (40. Qg3 $17 Nxb3 41. Re1) 40... Ne4 41. Bf3 Ng3+ 42. Kg1 {[#]} Qe3+ $1 {[%mdl 64] Double Attack} 43. Kh2 Rxf3 44. gxf3 (44. Qd4+ $19 Qxd4 45. Rxd4 Rxb3 46. c5) 44... Qf2# {Accuracy: White = 37%, Black = 75%.} 0-1

[Event "28th WSCC Women 50 2018"]
[Site "Bled"]
[Date "2018.11.18"]
[Round "1"]
[White "Fink-Nunn, Petra"]
[Black "Strutinskaia, Galina"]
[Result "0-1"]
[WhiteElo "2051"]
[BlackElo "2201"]
[Annotator "TA"]
[PlyCount "92"]
[EventDate "2018.11.17"]
[EventType "swiss"]
[EventCountry "SLO"]
[SourceTitle "playchess.com"]
[Source "ChessBase"]
[SourceQuality "1"]

{[%evp 26,92,-10,-15,0,-14,-14,-14,0,-13,-10,-14,-14,-14,-14,-14,0,0,0,0,6,0,12,0,15,0,25,0,13,-14,-14,-16,-20,-20,0,-8,0,-24,-24,-47,-47,-58,-46,-70,-55,-116,0,0,-8,-79,-95,-96,-122,-767,-759,-752,-752,-752,-736,-772,-737,-611,-603,-29994,-29995,-29996,-29997,-29998,-29999]} 1. e4 c5 2. Nf3 Nc6 3. d4 cxd4 4. Nxd4 e5 5. Nb5 d6 6. N1c3 a6 7. Na3 b5 8. Nd5 Nf6 9. Bg5 Be7 10. Bxf6 Bxf6 11. c3 Bg5 12. g3 {B33: Sicilian: Pelikan and Sveshnikov Variations} (12. Nc2 Rb8 13. a4 bxa4 14. Ncb4 Nxb4 15. cxb4 Bd7 16. Bxa6 O-O 17. O-O Qe8 18. b3 axb3 19. Qxb3 Bd8 20. Bc4 Kh8 21. Ra2 {½-½ (30) Karjakin,S (2773)-Dubov,D (2666) Tbilisi 2017}) 12... Ne7 13. Bg2 O-O 14. O-O {LiveBook: 3 Games. The position is equal.} Rb8 15. Nc2 Nxd5 16. Qxd5 Qb6 $146 ({Predecessor:} 16... Be6 17. Qd1 a5 18. Re1 g6 19. Ne3 b4 20. Qd3 bxc3 21. bxc3 {0-1 (36) Jacek,K (2055)-Sopur,L (2419) Police 2010}) 17. Rfe1 g6 18. Ne3 Be6 19. Qd3 Bxe3 20. Qxe3 Qc7 21. a3 Bb3 22. Re2 Kg7 23. Rd2 Rb6 24. h4 a5 25. f4 f6 26. h5 exf4 27. Qxf4 Qc5+ 28. Qf2 gxh5 29. Rd4 Rb7 {[%cal Bb6b7,Bb7d7,Bd7e7,Be7e5][%mdl 32]} 30. Qf4 Rd7 31. Bh3 Re7 32. Bf5 Re5 33. Kg2 Bf7 34. Rh1 d5 35. g4 ({White should try} 35. Rhd1 $15) 35... dxe4 (35... Bg6 $17 {White must now prevent ...Bxf5.} 36. Rhd1 (36. gxh5 Bxf5 37. exf5 Kh8 $17) 36... Bxf5 37. gxf5 Rxe4 38. Rxe4 dxe4 39. Qxe4 Kh8) 36. Rd7 $11 ({Much worse is} 36. Bxe4 Bg6 $17) 36... Re7 37. Rxe7 (37. b4 $11 {remains equal.} Qe5 38. Qxe5 Rxe5 39. Rxh5) 37... Qxe7 $17 38. Bxe4 Re8 39. Bd3 $2 {[%mdl 8192]} (39. Bf3 $17) 39... Bd5+ $19 {[%mdl 64] [#] Skewer} 40. Kh2 Bxh1 41. Kxh1 {[%mdl 4096] Endgame KQR-KQB} Qe5 42. Qf3 hxg4 43. Qxg4+ Kh8 {...Qd5+ is the strong threat.} 44. Qd7 {[%csl Gd3][%cal Rd7h7]} Qe1+ {Black mates.} 45. Kh2 Qf2+ {[%mdl 64] [#] Double Attack} 46. Kh1 Re1+ {Accuracy: White = 17%, Black = 47%.} 0-1

[Event "28th WSCC Women 50 2018"]
[Site "Bled"]
[Date "2018.11.18"]
[Round "1"]
[White "Lauterbach, Ingrid"]
[Black "Sirotkina, Nina"]
[Result "1/2-1/2"]
[WhiteElo "2027"]
[BlackElo "2188"]
[Annotator "TA"]
[PlyCount "59"]
[EventDate "2018.11.17"]
[EventType "swiss"]
[EventCountry "SLO"]
[SourceTitle "playchess.com"]
[Source "ChessBase"]
[SourceQuality "1"]

{[%evp 22,59,-7,0,14,0,6,10,16,-45,46,46,49,51,53,44,44,43,54,59,54,16,15,23,19,0,0,0,0,-107,-117,-114,-39,-61,0,0,0,0,0,0]} 1. e4 c5 2. Nf3 Nc6 3. d3 g6 4. g3 Bg7 5. Bg2 e5 6. O-O Nge7 7. c3 O-O 8. Nbd2 {[%cal Bb1d2,Bd2f3,Bf3g5][%mdl 32]} d6 9. Nh4 Kh8 10. f4 exf4 11. gxf4 f5 12. Ndf3 {LiveBook: 11 Games. A04: Unusual lines after 1 Nf3 and King's Indian Attack} Bf6 $146 ({Predecessor:} 12... b5 13. Ng5 Bd7 14. exf5 Nxf5 15. Nxf5 Rxf5 16. Qb3 Qe8 17. Bd2 Rb8 18. Rae1 Qg8 19. Qxg8+ Kxg8 {0-1 (72) Amin,B (2561)-Zhigalko,S (2583) Martuni 2008}) 13. Ng5 Kg7 14. Qe1 h6 (14... fxe4 {feels hotter.} 15. dxe4 Bxg5 16. fxg5 Ne5 17. Nf3 Nd3) 15. exf5 (15. Ngf3 $11) 15... Nxf5 (15... gxf5 $15 16. Ngf3 Rg8) 16. Nxf5+ $14 Bxf5 17. Ne6+ Bxe6 $1 18. Qxe6 Ne7 19. Qh3 Nf5 20. Bxb7 Rb8 21. Be4 Qd7 22. Rf2 Kh7 23. Rg2 d5 24. Bxf5 gxf5 25. Rb1 {[#]} (25. Kf2 $11) 25... Bxc3 $1 $17 26. Be3 Rg8 ({Black should play} 26... d4 $17 27. Bf2 Rxb2 28. Rxb2 Bxb2) 27. Bxc5 Rxg2+ (27... d4 $1 $15 28. Qf3 Bd2) 28. Kxg2 $11 {The position is equal.} (28. Qxg2 $2 {perishes.} Rg8 $19) 28... Rxb2+ 29. Rxb2 Bxb2 30. Qe3 {Accuracy: White = 51%, Black = 47%.} 1/2-1/2

[Event "28th WSCC Women 50 2018"]
[Site "Bled"]
[Date "2018.11.19"]
[Round "2"]
[White "Berend, Elvira"]
[Black "Aseeva, Marina"]
[Result "1/2-1/2"]
[WhiteElo "2332"]
[BlackElo "2173"]
[Annotator "TA"]
[PlyCount "63"]
[EventDate "2018.11.17"]
[EventType "swiss"]
[EventCountry "SLO"]
[SourceTitle "playchess.com"]
[Source "ChessBase"]
[SourceQuality "1"]

{[%evp 16,63,10,0,14,0,10,-8,0,0,0,0,0,0,0,-7,30,33,33,30,44,0,16,15,77,0,160,152,156,154,210,213,256,240,341,330,471,478,666,674,1649,1666,1587,1665,1632,1416,1305,1183,29986,29987]} 1. d4 d5 2. Nf3 Nf6 3. g3 Bf5 4. Bg2 c6 5. O-O e6 6. c4 Be7 7. b3 {D11: Slav Defence: 3 Nf3 sidelines and 3...Nf6 4 e3 Bg4} Ne4 8. Bb2 Nd7 9. Nbd2 {LiveBook: 11 Games. The position is equal.} h5 10. Nxe4 Bxe4 11. Nd2 {[%cal Bf3d2,Bd2e4,Be4c5][%mdl 32]} Bxg2 12. Kxg2 h4 13. e4 dxe4 14. Nxe4 Nf6 15. Qe2 $146 ({Predecessor:} 15. Re1 hxg3 16. hxg3 {½-½ (40) Sellos,D (2445)-Beikert,G (2435) France 1996}) 15... Qd7 16. Nc5 $36 {[%mdl 2048] White fights for an advantage.} Qc7 17. Nd3 O-O-O 18. b4 Kb8 19. a4 Bd6 (19... Rh5 $11 {remains equal.}) 20. Bc1 (20. c5 $16) 20... Nh5 $2 {[#]} (20... Ka8 $11) 21. c5 $1 $16 Be7 {[#]} 22. g4 $1 {[%cal Rg4h5]} Qd7 (22... Rxd4 $16 23. gxh5 Qd7) 23. gxh5 $18 Qd5+ 24. f3 Rxh5 (24... h3+ $142 25. Kh1 Qxd4) 25. Be3 h3+ (25... Bf6 $142 26. Nf4 Rg5+ 27. Kh1 Qd7) 26. Kh1 g5 27. b5 Bf6 28. Nb4 Qd7 29. bxc6 bxc6 30. Rab1 Ka8 31. Na6 g4 32. Bf4 {[%mdl 32768] Accuracy: White = 73%, Black = 21%. . An unexpected result.} 1/2-1/2

[Event "28th WSCC Women 50 2018"]
[Site "Bled"]
[Date "2018.11.19"]
[Round "2"]
[White "Strutinskaia, Galina"]
[Black "Bogumil, Tatiana"]
[Result "1-0"]
[WhiteElo "2201"]
[BlackElo "2114"]
[Annotator "TA"]
[PlyCount "91"]
[EventDate "2018.11.17"]
[EventType "swiss"]
[EventCountry "SLO"]
[SourceTitle "playchess.com"]
[Source "ChessBase"]
[SourceQuality "1"]

{[%evp 13,91,18,27,13,14,8,42,16,10,5,15,12,18,12,22,12,21,0,39,0,0,0,0,-14,-14,-13,-10,-8,-11,-23,-29,-27,-9,-1,-7,-10,-8,-45,-38,-73,0,0,0,0,0,0,0,0,0,0,30,33,201,205,440,373,537,356,355,354,352,347,333,333,306,264,626,631,610,614,587,578,486,185,29989,29990,29996,29997,29997,29998]} 1. d4 Nf6 2. c4 e6 3. g3 Bb4+ 4. Bd2 Be7 5. Nf3 b6 6. Nc3 Bb7 7. Bg2 Ne4 {LiveBook: 14 Games} 8. Nxe4 {E16: Queen's Indian: 4 g3 Bb7 5 Bg2 Bb4+} (8. d5 Nxc3 9. Bxc3 Bf6 10. Rc1 d6 11. O-O Bxc3 12. Rxc3 e5 13. Nd2 O-O 14. f4 Nd7 15. f5 a5 {1-0 (47) Andreikin,D (2712)-Chigaev,M (2560) Moscow 2018}) 8... Bxe4 9. O-O a5 $146 ({Predecessor:} 9... O-O 10. Ne5 Bxg2 11. Kxg2 d5 12. Qb3 Bf6 13. Nf3 Nc6 14. Bc3 Ne7 15. Rfd1 c6 {0-1 (53) Exler,V (2124)-Kopinits,A (2282) Graz 2017}) 10. Bc3 {White is slightly better.} d5 11. Ne5 Bxg2 $1 12. Kxg2 O-O 13. Qd3 Qc8 14. Qf3 Qb7 15. Rac1 Ra7 16. Rfd1 f6 17. Ng4 dxc4 18. Qxb7 Rxb7 19. a4 c6 {[%cal Bc7c6,Bc6b5][%mdl 32]} 20. Ne3 b5 21. axb5 cxb5 22. Bxa5 Nc6 23. Be1 Nb4 24. Ra1 Nd5 25. Nf1 f5 26. f3 g5 (26... Rd7 $17) 27. e4 $11 fxe4 28. fxe4 Nf6 29. Ra6 $36 {[%mdl 2048] White has the initiative.} Kf7 30. d5 exd5 31. exd5 Ne4 32. Ne3 Bf6 $2 {[#]} (32... Bc5 $14) 33. Bb4 $18 Rd8 $2 (33... Re8 34. Rf1 h5) 34. Rf1 Kg7 (34... Rdb8 $142 35. Raxf6+ Nxf6) 35. Kf3 Re8 36. Nf5+ Kg6 37. g4 h5 {Black hopes to continue with ...hxg4+.} 38. h3 {[%cal Bh2h3,Bh3g4][%mdl 32]} hxg4+ 39. hxg4 ({Less strong is} 39. Kxg4 Rh7 $14) 39... Rh7 $2 (39... c3) 40. Re1 Rh3+ 41. Kg2 Rb3 {[#]} 42. Be7 $1 {[%cal Re7f6]} Rxb2+ 43. Kg1 $2 (43. Kf3 Nd2+ 44. Kg3 (44. Ke3 Rxe7+ 45. Nxe7+ Kf7 $16) 44... Rxe7 45. Nxe7+ Kf7 46. Nf5) 43... c3 $2 (43... Rxe7 $18 44. Nxe7+ Kf7 45. Rxe4 c3) 44. Rxe4 {White mates.} c2 45. Rxf6+ Kh7 46. Rf7+ {[%mdl 64] Discovered Attack (Double check). Accuracy: White = 49%, Black = 37%.} 1-0

[Event "28th WSCC Women 50 2018"]
[Site "Bled"]
[Date "2018.11.19"]
[Round "2"]
[White "Sirotkina, Nina"]
[Black "Ankudinova, Yelena"]
[Result "0-1"]
[WhiteElo "2188"]
[BlackElo "2107"]
[Annotator "TA"]
[PlyCount "112"]
[EventDate "2018.11.17"]
[EventType "swiss"]
[EventCountry "SLO"]
[SourceTitle "playchess.com"]
[Source "ChessBase"]
[SourceQuality "1"]

{[%evp 12,112,37,44,66,35,46,41,40,29,29,22,56,61,87,92,147,85,108,56,100,49,67,64,97,74,79,85,79,69,79,56,62,63,127,132,182,47,46,20,23,18,16,17,27,27,53,47,179,94,137,103,93,106,106,12,8,-123,-83,-140,-140,-132,0,-241,-239,-277,-258,-375,-358,-382,-253,-339,-327,-321,-316,-326,-258,-253,-251,-254,-248,-252,-252,-383,-364,-385,-380,-456,-418,-389,-352,-413,-429,-4602,-5069,-29958,-544,-29937,-29949,-8238,-4627,-1837,-1830]} 1. d4 d5 2. Bf4 Nf6 3. e3 g6 4. c4 Bg7 5. Nc3 dxc4 6. Bxc4 O-O 7. Nf3 {LiveBook: 16 Games} a6 {D93: Grünfeld: 4 Nf3 Bg7 5 Bf4 0-0 6 e3} (7... c5 8. dxc5 Qa5 9. O-O Qxc5 10. Bb3 Nc6 11. Rc1 Qa5 12. h3 Bf5 13. Qe2 e5 14. Bh2 e4 15. Nd2 Ne5 16. Nc4 Nxc4 17. Qxc4 Be6 18. Qa4 Qxa4 19. Bxa4 a6 20. Be5 b5 21. Bc2 Rac8 {½-½ (47) Gorovets,A (2517)-Puranik,A (2520) chess.com INT 2018}) 8. a4 c5 9. d5 Nh5 $146 {White is slightly better.} ({Predecessor:} 9... b6 10. O-O Bb7 11. e4 Nbd7 12. h3 Ne8 13. e5 Kh8 14. Qe2 e6 15. Bg5 {1-0 (26) Binder,M (2143)-Heigerer,S (2037) St Johann im Pongau 2016}) 10. Bg5 {[%cal Bf4g5,Bg5h4,Bh4g3][%mdl 32]} h6 11. Bh4 g5 12. Nd2 $1 Nf6 13. Bg3 Bf5 (13... Bg4 $142 14. f3 Bf5) 14. O-O ({White should play} 14. h4) 14... Nbd7 15. a5 (15. Be2 $16) 15... Bg6 16. f4 (16. Be2 $16) 16... gxf4 $14 17. exf4 {[%cal Be3f4,Bf4f5][%mdl 32]} b5 18. axb6 $1 {aiming for b7.} Nxb6 {[%cal Rf6d5]} 19. f5 Bh5 20. Qb3 Ng4 21. Rfe1 Bd4+ 22. Kh1 Nxc4 (22... Ne3 $14) 23. Qxc4 Ne3 24. Qd3 (24. Rxe3 $1 $18 Bxe3 25. Nde4) 24... Nxd5 25. Be5 Bxe5 $1 26. Rxe5 Nf6 27. Qg3+ Kh7 $1 28. Nde4 Rg8 29. Qh4 Rg4 {[#]} (29... Nxe4 $1 $14 30. Nxe4 f6) 30. Nxf6+ ({Better is} 30. Qh3 $1 $18) 30... exf6 $16 31. Qxh5 Rg5 32. Qxf7+ Rg7 {[#]} 33. Qe6 (33. Qh5 $1 $16 fxe5 34. Ne4) 33... fxe5 $11 34. Qxe5 (34. Ne4 $11) 34... Qg5 $40 {[%csl Gg7][%cal Rg5g2][%mdl 128] Black goes for the king.} 35. Qe4 {[#]} (35. g3 $142) 35... Re8 $1 $17 {[%cal Re8e4][%mdl 512]} 36. Qf3 (36. Qxe8 Qxg2#) 36... Re3 ({Black should try} 36... Qg4 $17 {Strongly threatening ...Qxf3.} 37. Qxg4 Rxg4) 37. Qf2 $2 (37. Ne4 $11 Rxf3 38. Nxg5+ Rxg5 39. gxf3) 37... Re5 $19 38. h3 Qxf5 39. Qd2 (39. Qxf5+ {keeps fighting.} Rxf5 40. Ne4) 39... Rd7 40. Qc1 Rd6 41. Qg1 Rf6 42. Rd1 Qf2 43. Rd7+ Kg6 {( -> ...Re1)} 44. Qb1+ Qf5 45. Qxf5+ Rfxf5 {[%mdl 4096] Endgame KRR-KRN} 46. Rd6+ Rf6 47. Rd8 (47. Rd2 $142) 47... Rf2 48. Rd6+ Kg5 49. h4+ Kxh4 50. Rxh6+ Kg5 51. Rxa6 Rxb2 52. Rc6 (52. Kh2 $142) 52... Rc2 53. Nb5 Kf4 (53... Rc1+ $142 54. Kh2 Kf4 55. Rf6+ Ke4 56. Rf2 Rd5 57. Rf3 Rh5+ 58. Kg3 Rg5+ 59. Kh2 Rc2 60. Nd6+ Kd5 61. Rd3+ Ke6 62. Kh3 Rgxg2 63. Nb5 Rh2+ 64. Kg4 Rcg2+ 65. Kf3 Rh3+ 66. Kxg2 Rxd3 67. Nc7+ Kd6 68. Na6 c4 69. Kg1 Rb3 70. Kf2 Rb6 71. Nc7 Kxc7 72. Ke2 Rd6 73. Kf3 c3 74. Ke3 c2 75. Kf4 c1=Q+ 76. Ke4 Qf1 77. Ke5 Rd3 78. Ke4 Qf3+ 79. Ke5 Rd1 80. Ke6 Re1#) 54. Rf6+ Rf5 55. Rh6 Kg4 56. Rg6+ Rg5 {Precision: White = 38%, Black = 52%.} 0-1

[Event "28th WSCC Women 50 2018"]
[Site "Bled"]
[Date "2018.11.19"]
[Round "2"]
[White "Krasenkova, Ilena"]
[Black "Grabuzova, Tatiana"]
[Result "*"]
[WhiteElo "2144"]
[BlackElo "2326"]
[Annotator "TA"]
[PlyCount "116"]
[EventDate "2018.11.17"]
[EventType "swiss"]
[EventCountry "SLO"]
[SourceTitle "playchess.com"]
[Source "ChessBase"]
[SourceQuality "1"]

{[%evp 21,116,25,25,7,10,8,16,30,10,7,18,13,22,0,2,0,4,7,12,20,1,11,43,39,37,28,87,85,90,72,81,72,85,77,126,86,107,81,179,164,168,110,116,111,123,123,157,166,155,128,151,136,166,138,122,55,56,0,25,27,56,64,63,52,63,0,45,0,54,45,52,42,42,29,29,24,25,28,27,0,22,0,0,6,5,0,0,0,0,0,0,0,0,0,0,0,21]} 1. d4 Nf6 2. c4 e6 3. Nc3 Bb4 4. Qc2 Nc6 5. Nf3 d6 6. a3 Bxc3+ 7. Qxc3 O-O 8. b4 e5 9. dxe5 {E33: Nimzo-Indian: Classical: 4...Nc6} Nxe5 10. Nxe5 dxe5 11. Bb2 Re8 {LiveBook: 5 Games} 12. Rd1 Qe7 13. g3 Bf5 14. Bg2 Ne4 15. Qe3 $146 ({Predecessor:} 15. Qf3 Qe6 16. O-O c6 {1-0 (34) Batchuluun,T (2499)-Tregubov,P (2617) Moscow 2015}) 15... Nd6 16. Rc1 c6 17. O-O Qe6 18. Qc3 Rad8 19. Rfd1 Nxc4 20. Rxd8 Rxd8 21. g4 $36 {[%mdl 2048] White has some pressure.} Bxg4 (21... Nxb2 {feels hotter.} 22. gxf5 Qa2 23. b5 Na4 24. Qb4 Nb6) 22. Qxc4 Qxc4 23. Rxc4 Bxe2 (23... Rd1+ $11 24. Bf1 Bxe2) 24. Rc1 $16 f6 25. Bc3 Kf7 26. Be4 g6 27. Bc2 Ke6 28. Kg2 Bc4 29. Re1 Bd3 (29... Kf7 $16) 30. Bb3+ $18 Kf5 {[#]} 31. Re3 ({White should try} 31. f3 $1 $18) 31... e4 32. Kg3 h5 33. f3 h4+ 34. Kf2 ({Not} 34. Kxh4 Kf4 $15) 34... Rd6 35. Bf7 g5 36. h3 Bb1 37. Bg8 Kf4 38. fxe4 ({White should play} 38. Re1 $16 Bc2 39. Re2) 38... Bxe4 $14 39. Ke2 ({Better is} 39. Bc4 $14) 39... Rd8 (39... f5 $5 {[%cal Rg5g4]}) 40. Bf7 Rd7 41. Bh5 f5 42. Bd2 {[#] Strongly threatening Rd3+.} Ke5 43. Bc3+ Kf4 44. Bd2 {Hoping for Rd3+.} Ke5 45. Bf3 Rd5 46. Bxe4 fxe4 {[%mdl 4096] Endgame KRB-KR} 47. Rc3 Kf5 48. Rc4 Rd3 49. Rc5+ Rd5 50. Rc4 Rd3 {The position is equal.} 51. a4 b6 52. Be3 {Threatening a5.} Ra3 53. a5 Ra2+ 54. Bd2 {aiming for axb6.} Ra3 55. axb6 axb6 56. Be3 Ra2+ 57. Bd2 Ra3 58. Be3 Rb3 {Accuracy: White = 59%, Black = 59%.} *